000 00527nam a22001817a 4500
003 UA-OsUOA
001 7769
007 ta
008 20040624b un ||||| |||| 00| 0 ukr d
100 _aВербовий М . В .
942 _cSA
040 _aUA-OsUOA
_cUA-OsUOA
_dUA-OsUOA
245 _aУкраїнська традиція кооперативного убезпечення
300 _aС.129 - 135
955 _a0
773 0 _w0
_tФінанси України
_dКиїв
_d2004
_g№6
650 7 _aІсторія
_2UDC
999 _c293930
_d293930